000 00591nam a2200229 a 4500
999 _c6238
_d6238
001 6238
003 BD-JhCC
005 20180322193831.0
008 171025s1955 enk |||| || | 000 0 eng d
035 _a(BD-JhCC)6238
040 _aBD-JhCC
_dBD-JhCC
041 _aeng
082 _a658.8
_bBET 1955
100 _aBettger, Frank
245 _aHow I Mulyiplied My Income and Happiness in Selling /
_cFrank Bettger
260 _aTadworth :
_bWorlds Work Ltd,
_c1955.
300 _a315 p. :
_c19 cm.
650 _aSelling
650 _aSales Personnel
942 _2ddc
_cBK